| 000 | 00490nam a22001937a 4500 | ||
|---|---|---|---|
| 003 | CEME | ||
| 005 | 20210628210130.0 | ||
| 008 | 210215b xxu||||| |||| 00| 0 eng d | ||
| 020 | _a0-7645-4639-2 | ||
| 040 | _c. | ||
| 082 | _a005.432 BAR | ||
| 100 |
_aBarkakati, Naba _978225 |
||
| 245 | _aRed hat linux secrets | ||
| 250 | _a3RD | ||
| 260 |
_aNEW YORK _bIDG BOOK _c1999 |
||
| 300 | _a964P | ||
| 650 |
_aLINUX SECRETS LINUX EXPERTS OPERATING SYSTEMS-LINUX _978226 |
||
| 942 |
_cBK _2ddc |
||
| 999 |
_c583382 _d583382 |
||